| 000 | 00440nam a22001697a 4500 | ||
|---|---|---|---|
| 003 | CEME | ||
| 005 | 20210628210431.0 | ||
| 008 | 210208b xxu||||| |||| 00| 0 eng d | ||
| 040 | _c. | ||
| 082 | _a297.1225 USM | ||
| 100 |
_aUsmani, Muhammad Taqi Muhammad Taqi Usmani _979390 |
||
| 245 | _aAloom-el-quran | ||
| 260 |
_aKARACHI _bMAKTABA DAR-UL-ALOOM _c1999 |
||
| 300 | _a805 | ||
| 650 |
_aISLAM-ALOOM-EL-QURAN _979391 |
||
| 942 |
_cBK _2ddc |
||
| 999 |
_c584436 _d584436 |
||